000 00981cab a2200181 4500
001 ##L134334
008 060727n2006 000 0 eng u
035 _a(Sirsi) u134334
041 0 _aeng
100 1 _aPickard, Martin
245 0 0 _aPositive image
260 _c2006
490 0 _aPremises and Facilities Management
_vJuly 2006, 15-16(2)
520 _aThis fourth article in the F word series considers the contribution facilities managers can make in maintaining and protecting the corporate reputation. Reviews some of the latest scandals. Argues that facilities managers should guard against these by professionalism and enhance corporate reputation through pro-active innovation. Includes a six-point guide to maintaining corporate image and some examples of good practice in corporate social responsibility driven by facilities management. (See also L133291, L133619 and L133934).
590 _aIKA010806
690 _aMANAGEMENT-FACILITIES MANAGEMENT
942 _n0
999 _c77460
_d77460